Best Metal Albums of All Time - Statistics

General Stats
  • This quiz has been taken 133 times
  • The average score is 32 of 50
Answer Stats
N Album Artist % Correct
1 Paranoid Black Sabbath
99%
10 Master of Reality Black Sabbath
99%
16 Black Sabbath Black Sabbath
99%
23 Heaven and Hell Black Sabbath
99%
3 The Number of the Beast Iron Maiden
99%
35 Powerslave Iron Maiden
99%
45 Iron Maiden Iron Maiden
99%
2 Master of Puppets Metallica
99%
8 Ride the Lightning Metallica
99%
32 Kill 'Em All Metallica
99%
36 The Black Album Metallica
99%
39 Korn Korn
98%
48 Slipknot Slipknot
98%
9 Peace Sells...But Who's Buying? Megadeth
93%
33 Rust in Peace Megadeth
93%
6 Blizzard of Ozz Ozzy Osbourne
91%
4 Reign in Blood Slayer
89%
22 Seasons in the Abyss Slayer
89%
12 Ace of Spades Motorhead
88%
5 Vulgar Display of Power Pantera
88%
7 Screaming for Vengeance Judas Priest
82%
18 Sad Wings of Destiny Judas Priest
82%
31 British Steel Judas Priest
82%
13 Toxicity System of a Down
79%
17 Holy Diver Dio
78%
11 Lateralus Tool
63%
29 Among the Living Anthrax
61%
34 Human Death
57%
40 Bathory Bathory
55%
15 Blackwater Park Opeth
50%
19 Leviathan Mastodon
49%
25 Images and Words Dream Theater
46%
47 Tomb of the Mutilated Cannibal Corpse
45%
14 Welcome to Hell Venom
42%
50 Balls to the Wall Accept
41%
49 De Mysteriis Dom Sathanas Mayhem
40%
26 Bonded by Blood Exodus
39%
43 Keeper of the Seven Keys I Helloween
38%
21 Beneath the Remains Sepultura
38%
24 Operation: Mindcrime Queensryche
37%
28 To Mega Therion Celtic Frost
28%
20 Rising Rainbow
28%
41 Abigail King Diamond
27%
44 Altars of Madness Morbid Angel
26%
38 Don't Break the Oath Mercyful Fate
24%
46 A Blaze in the Northern Sky Darkthrone
23%
30 Slaughter of the Soul At the Gates
20%
37 Anthems to the Welkin at Dusk Emperor
20%
27 Wolverine Blues Entombed
18%
42 Times of Grace Neurosis
7%
No matching quizzes found
Score Distribution
Percent of People with Each Score
Percentile by Number Answered
Your Score History
You have not taken this quiz